| 000 | 00992nam a22002655a 4500 | ||
|---|---|---|---|
| 999 |
_c27534 _d27505 |
||
| 003 | EG-ScBUE | ||
| 005 | 20190616101520.0 | ||
| 008 | 190616s2014 le grb 000 0 ara d | ||
| 020 | _a9786144194096 | ||
| 040 |
_aEG-ScBUE _bara _cEG-ScBUE _dEG-ScBUE |
||
| 082 | 0 | 4 |
_a892.73609 _bم ن د _222 |
| 100 | 1 | _aمندي، سمير. | |
| 245 | 1 | 2 |
_aالمرايا المتقابلة : _bقراءة في أوراق السرد / _cسمير مندي. |
| 250 | _aط. 1. | ||
| 260 |
_aبيروت : _bالمؤسسة العربية للدراسات والنشر، _c2014. |
||
| 300 |
_a263 ص. ؛ _c24 سم. |
||
| 490 | 0 | _aدراسات - أدب | |
| 504 | _aيشتمل على إرجاعات ببليوجرافية. | ||
| 541 |
_aDr. Mohamed Shoaman ; _cDonation ; |
||
| 650 | 7 |
_aالقصص العربية _xتاريخ ونقد _yقرن 21. _2BUEsh |
|
| 650 | 7 |
_aالسرد (بلاغة) _xتاريخ ونقد _yقرن 21. _2BUEsh |
|
| 651 | _2BUEsh | ||
| 653 |
_bARALIT _cJune2019 |
||
| 942 | _2ddc | ||